Belarus-Quiz - Statistiken

Allgemein
  • Dieses Quiz wurde 1.866 mal gespielt
  • Das Durchschnittsergebnis liegt bei 13 aus 17
Antwortstatistiken
Frage Antwort % Korrekt
Amtssprachen Russisch
99%
Hauptstadt Minsk
98%
Ehemaliges Land, von dem Belarus 1991 unabhängig wurde Sowjetunion
93%
Nachbarland, mit dem Belarus seine Südgrenze teilt Ukraine
93%
Alternativer oder einheimischer Name von Belarus Weißrussland
92%
Belarus ist das einzige Land Europas, das dieses umstrittene Strafmaß noch nicht abgeschafft hat Todesstrafe
89%
Rund 20% der Böden von Belarus wurden aufgrund dieser 1986 Katastrophe kontaminiert Tschernobyl
83%
Dominierende Glaubensrichtung des Christentums Orthodoxe Kirche
82%
Währung Rubel
82%
Wegen dem Mangel an Freiheiten ist Belarus unter diesem Spitznamen bekannt Die letzte {Diktatur} Europas
78%
Gebräuchliches Schriftsystem in Belarus Kyrillisch
77%
Amtssprachen Weißrussisch
71%
Erster und einziger Präsident von Belarus seit 1994 Aljaksandr Lukaschenka
70%
Zweitbeliebteste Sportart (nach Fußball) Eishockey
68%
25.3% der Bevölkerung von Belarus kam während diesem Konflikt ums Leben, der höchste Anteil weltweit Zweiter Weltkrieg
62%
Nennen Sie einen der drei Hauptflüsse von Belarus Memel | Prypjat | Dnepr
45%
Rinderart, die das Nationaltier Belarus ist Wisent
35%
Keine übereinstimmenden Quizze gefunden
Verteilung der Resultate
Anzahl Personen mit jedem Resultat
Perzentil nach korrekt beantworteten Fragen
Ihre Resultats-Entwicklung
Sie haben dieses Quiz noch nicht gespielt